Orang-utan biology /

Bibliographic Details
Other Authors: Schwartz, Jeffrey H.
Format: Book
Language:English
Published: New York : Oxford University Press, 1988.
Subjects:

MARC

Tag First Indicator Second Indicator Subfields
LEADER 00000cam a22000008a 4500
001 in00004457561
005 20191202121127.0
008 870721s1988 nyua b 00100 eng
010 |a  87020440  
020 |a 0195043715 (alk. paper) 
035 |a (OCoLC)16406110 
035 |9 AAA7541MS 
035 |z (UtOrBLW)3110 
035 |a 4709 
040 |a DLC  |c DLC  |d TMV  |d UtOrBLW 
049 |a TMVM  |c 1 
050 0 0 |a QL737.P96  |b O73 1988 
059 |l MS/BOOK STKS  |v 4  |y 3  |z 2  |t BOOK  |k CIRCULATING  |i 3238900850555  |n NL  |a QL 737 P96  |b O63 1988 
060 4 |a QL 737 P96  |b O63 1988 
245 0 0 |a Orang-utan biology /  |c edited by Jeffrey H. Schwartz. 
264 1 |a New York :  |b Oxford University Press,  |c 1988. 
300 |a x, 383 pages :  |b illustrations, maps ;  |c 26 cm. 
336 |a text  |2 rdacontent  |b txt 
337 |a unmediated  |2 rdamedia 
338 |a volume  |2 rdacarrier  |b nc 
504 |a Includes bibliographies and indexes. 
650 2 |a Hominidae. 
700 1 |a Schwartz, Jeffrey H. 
740 0 |a Orangutan biology. 
940 |a copy plain 
999 |a MARS 
999 f f |s 3d85314a-8e8a-3051-9f95-9d8c462bde82  |i d5228ffc-20e4-30c4-9453-442ac685bcab  |t 0 
952 f f |p preservation  |a Texas A&M University  |b J.J. Pickle Campus  |c High Density Repository  |d Remote Storage  |t 0  |e QL 737 P96 O63 1988  |h National Library of Medicine classification  |i unmediated -- volume  |m 3238900850555 
998 f f |a QL 737 P96 O63 1988  |t 0  |l Remote Storage